Obras hidráulicas

Saved in:
書目詳細資料
主要作者: Vallarino, Eugenio (Author)
格式: 圖書
語言:西班牙语
出版: Madrid Campos 1971
主題:
標簽: 添加標簽
沒有標簽, 成為第一個標記此記錄!

MARC

LEADER 00000nam a2200000 a 4500
001 UCU5931
003 CL-VaPUC
008 960614e19710000SP |||||||||||||||||spa|d
082 0 4 |a 627  |b VAL  |2 21 
100 0 |a Vallarino, Eugenio  |e author  |9 364018 
245 1 0 |a Obras hidráulicas 
300 |a v 
942 |c BK 
945 |d 19960614 00:00:00  |a cmena 
260 |a Madrid  |b Campos  |c 1971 
650 0 |a Hidráulica   |9 260193 
650 0 |a Ingeniería civil  |9 260076 
650 0 |a Mecánica de fluidos   |9 259464 
650 0 |a Servomecanismos  |9 260343 
650 7 |a CORRIENTES DE AGUA  |2 CL-VaPUC  |9 350181 
650 0 |a Cuencas Fluviales  |9 352343 
650 7 |a PRESAS  |2 CL-VaPUC  |9 326073 
650 0 |a Acumulación de energía   |9 363058 
650 0 |a Obras públicas  |9 261125 
650 7 |a ENERGIA DE LOS CURSOS DE AGUA  |2 CL-VaPUC  |9 363273 
650 7 |a CENTRALES HIDROELECTRICAS  |2 CL-VaPUC  |9 263331 
583 |a last modification  |c 19960614 00:00:00  |k Rodrigo Vera 
999 |c 249068  |d 249066 
952 |0 0  |1 0  |4 0  |6 627_000000000000000_VAL_1971  |7 0  |8 A  |9 266088  |a BIBING  |b BIBING  |d 2019-11-19  |h v.1  |i 1686690  |o 627 VAL 1971  |p 1686690  |r 2025-01-20  |w 2019-11-19  |y BK  |k ING